BIBLIOTECA

SENCICO

Arquine : (Registro nro. 4993)

Detalles MARC
000 -LEADER
fixed length control field 01037nam a22003257a 4500
003 - CONTROL NUMBER IDENTIFIER
control field PE SENCICO BE
005 - DATE AND TIME OF LATEST TRANSACTION
control field 20251020182708.0
008 - FIXED-LENGTH DATA ELEMENTS--GENERAL INFORMATION
fixed length control field 240701b |||||||| |||| 00| 0 eng d
022 ## - INTERNATIONAL STANDARD SERIAL NUMBER
Source 1405-6151
040 ## - CATALOGING SOURCE
Original cataloging agency PE SENCICO BE
Transcribing agency PE SENCICO BE
041 ## - LANGUAGE CODE
Language code of text/sound track or separate title spa
110 1# - MAIN ENTRY--CORPORATE NAME
9 (RLIN) 2369
Corporate name or jurisdiction name as entry element Arquine S. A.
245 1# - TITLE STATEMENT
Title Arquine :
Remainder of title revista internacional de arquitectura y diseño /
Statement of responsibility, etc. Arquine S. A.
260 ## - PUBLICATION, DISTRIBUTION, ETC.
Place of publication, distribution, etc. México, D. F. :
Name of publisher, distributor, etc. Arquine S. A. ;
Date of publication, distribution, etc. 2017 -
300 ## - PHYSICAL DESCRIPTION
Extent v.
Other physical details il. col. ;
Dimensions 28 cm.
500 ## - GENERAL NOTE
General note Descripción basada en: N° 81 (2017)
650 10 - SUBJECT ADDED ENTRY--TOPICAL TERM
9 (RLIN) 191
Topical term or geographic name entry element Arquitectura moderna
650 20 - SUBJECT ADDED ENTRY--TOPICAL TERM
9 (RLIN) 18
Topical term or geographic name entry element Diseño arquitectónico
650 20 - SUBJECT ADDED ENTRY--TOPICAL TERM
9 (RLIN) 868
Topical term or geographic name entry element Edificios ecológicos
650 20 - SUBJECT ADDED ENTRY--TOPICAL TERM
9 (RLIN) 1424
Topical term or geographic name entry element Arquitectura estética
650 20 - SUBJECT ADDED ENTRY--TOPICAL TERM
9 (RLIN) 570
Topical term or geographic name entry element Arquitectura urbana
650 20 - SUBJECT ADDED ENTRY--TOPICAL TERM
9 (RLIN) 280
Topical term or geographic name entry element Arquitectura sostenible
650 20 - SUBJECT ADDED ENTRY--TOPICAL TERM
9 (RLIN) 370
Topical term or geographic name entry element Arquitectura de viviendas
650 20 - SUBJECT ADDED ENTRY--TOPICAL TERM
9 (RLIN) 760
Topical term or geographic name entry element Espacios públicos
650 20 - SUBJECT ADDED ENTRY--TOPICAL TERM
9 (RLIN) 190
Topical term or geographic name entry element Casas de campo
866 ## - TEXTUAL HOLDINGS--BASIC BIBLIOGRAPHIC UNIT
Existencias 2017 : No. 81
866 ## - TEXTUAL HOLDINGS--BASIC BIBLIOGRAPHIC UNIT
Existencias 2018 : No. 85
910 ## - USER-OPTION DATA (OCLC)
User-option data hfp
-- hfp
-- hfp
942 ## - ADDED ENTRY ELEMENTS (KOHA)
Koha item type Revista
Source of classification or shelving scheme Dewey Decimal Classification
Existencias
Fecha de la última vez que lo usaron Pago total Signatura topográfica completa Código de barras Precio efectivo desde Tipo de documento Estado perdido Estado dañado No es para préstamo Retirado Ubicación permanente Ubicación actual Fecha de adquisición
01/07/2024   No. 81; set. 2017 BibLima24070006 01/07/2024 Revista         Biblioteca Central Lima Biblioteca Central Lima 01/07/2024
01/07/2024   No. 85; set. 2018 BibLima24070007 01/07/2024 Revista         Biblioteca Central Lima Biblioteca Central Lima 01/07/2024